000 00580nam a22002052 4500
001 0000013181
005 20151217152123.0
008 090616s xx 000 0 eng d
020 _a0072326166 :
040 _aKABU
_cKABU
100 1 _aMunoz, Elias Miguel.
_@0000170322
245 1 0 _aIsla de luz /
_cElias Miguel Munoz.
250 _a1st ed.
260 _aBoston :
_bMcGraw-Hill,
_c2001.
300 _axii, 243 p.
650 0 _aSpanish language
_xReaders.
_@0000170323
852 1 _9p100 KES
908 _a090616
950 _@1
999 _c8474
_d8474